00371nam a2200145Ia 4500020001800000082001500018245005200033260002800085300001400113504003600127650001500163650001400178700001600192700001700208 a9780415396325 a150.1 ROU- 0aRoutledge companion to philosophy of psychology aLondonbRoutledgec2009 axxii, 678 aincludes bibliograhpy and index aPsychology aCognition aCalvo, Paco aSymons, John